[Event "Esbjerg Efterår 2019"]
[Site "Esbjerg"]
[Date "2019.10.19"]
[Round "4.3"]
[White "Berg, Klaus"]
[Black "Hansen, Lars"]
[Result "1/2-1/2"]
[WhiteElo "2288"]
[BlackElo "2207"]
[PlyCount "65"]
[EventDate "2019.10.??"]
[EventType "swiss"]
[EventRounds "7"]
[EventCountry "DEN"]

1. g3 d5 2. Nf3 Nf6 3. Bg2 c6 4. c4 dxc4 5. O-O Nbd7 6. Na3 Nb6 7. Qc2 Be6 8.
Ng5 Qd7 9. b3 cxb3 10. axb3 Bg4 11. Nc4 Nxc4 12. Qxc4 e5 13. d4 exd4 14. Rd1
Be6 15. Nxe6 Qxe6 16. Qxe6+ fxe6 17. Rxd4 Bc5 18. Rc4 Bb6 19. Bb2 O-O 20. Bh3
Kf7 21. Rd1 Rad8 22. Rxd8 Rxd8 23. Bxf6 Kxf6 24. Rf4+ Ke7 25. Re4 Rd6 26. Bg4
Kf6 27. Kg2 e5 28. Bc8 Rd4 29. Rxd4 exd4 30. Bxb7 c5 31. f4 Ke6 32. Kf3 Ba5 33.
Ke4 1/2-1/2

[Event "Esbjerg Efterår 2019"]
[Site "Esbjerg"]
[Date "2019.10.19"]
[Round "4.4"]
[White "Larsen, Allan"]
[Black "Brorsen, Jacob Abildlund"]
[Result "0-1"]
[WhiteElo "1961"]
[BlackElo "2154"]
[PlyCount "68"]
[EventDate "2019.10.??"]
[EventType "swiss"]
[EventRounds "7"]
[EventCountry "DEN"]

1. d4 Nf6 2. Bf4 e6 3. e3 d5 4. Nf3 Bd6 5. Bg3 b6 6. Nbd2 Bb7 7. Ne5 Qe7 8.
Bb5+ c6 9. Bd3 Nbd7 10. c3 O-O 11. f4 Ne8 12. Ndf3 f6 13. Bh4 Bxe5 14. fxe5 Qf7
15. exf6 gxf6 16. Qc2 c5 17. g4 Nd6 18. Qg2 e5 19. g5 e4 20. gxf6+ Kh8 21.
O-O-O Rg8 22. Qh3 exd3 23. Bg3 Ne4 24. Ne5 Nxe5 25. dxe5 Bc8 26. Qf1 c4 27. Kb1
Bg4 28. Qf4 Raf8 29. a3 Qh5 30. e6 Rxf6 31. Qc7 Bxd1 32. Be5 Bc2+ 33. Ka2 Bb3+
34. Ka1 d2 0-1

[Event "Esbjerg Efterår 2019"]
[Site "Esbjerg"]
[Date "2019.10.19"]
[Round "4.5"]
[White "Lindestrom, Torsten"]
[Black "Jensen, Henrik Tranberg"]
[Result "0-1"]
[WhiteElo "2168"]
[BlackElo "2023"]
[PlyCount "68"]
[EventDate "2019.10.??"]
[EventType "swiss"]
[EventRounds "7"]
[EventCountry "DEN"]

1. d4 Nf6 2. Bg5 g6 3. Bxf6 exf6 4. e3 Bg7 5. g3 O-O 6. Bg2 d5 7. c4 dxc4 8.
Qa4 c5 9. d5 f5 10. Nc3 Qb6 11. O-O-O Qb4 12. Nge2 Nd7 13. d6 Ne5 14. Nf4 g5
15. Nfd5 Nd3+ 16. Rxd3 Qxa4 17. Nxa4 cxd3 18. Nxc5 Rd8 19. Rd1 Rxd6 20. Rxd3
Bf8 21. Rc3 Be6 22. Nc7 Rad8 23. N7xe6 fxe6 24. Bf3 Bg7 25. Rc2 g4 26. Be2 Rc8
27. b4 b6 28. Nb3 Rxc2+ 29. Kxc2 Kf7 30. b5 e5 31. e4 Rh6 32. exf5 Rxh2 33. Nd2
Rxf2 34. Bxg4 Bh6 0-1

[Event "Esbjerg Efterår 2019"]
[Site "Esbjerg"]
[Date "2019.10.19"]
[Round "4.6"]
[White "Rozenfeldt, Michael Tranberg"]
[Black "Easwaralingam, Adesh"]
[Result "1/2-1/2"]
[WhiteElo "1782"]
[BlackElo "2042"]
[PlyCount "130"]
[EventDate "2019.10.??"]
[EventType "swiss"]
[EventRounds "7"]
[EventCountry "DEN"]

1. d4 Nf6 2. c4 e6 3. Nf3 Bb4+ 4. Bd2 a5 5. g3 b6 6. Bg2 Bb7 7. O-O O-O 8. Nc3
Ne4 9. Nxe4 Bxe4 10. Bxb4 axb4 11. Qd2 Qe7 12. Qf4 d5 13. Rfc1 c5 14. cxd5 exd5
15. dxc5 bxc5 16. Qe5 Qxe5 17. Nxe5 Bxg2 18. Kxg2 c4 19. Rd1 Ra5 20. Nf3 Nc6
21. Nd4 Ne5 22. h3 Rc8 23. f4 Nd7 24. Kf3 Nf6 25. Nf5 Rca8 26. Ne7+ Kf8 27. Nc6
Rb5 28. Nd4 Rb6 29. Nf5 Rba6 30. Ne3 Rxa2 31. Rab1 R8a5 32. g4 h6 33. g5 hxg5
34. fxg5 Ne4 35. Nxd5 Nxg5+ 36. Kg4 Ne4 37. Nxb4 Nf2+ 38. Kf3 Nxd1 39. Nxa2
Rxa2 40. Rxd1 Rxb2 41. Rc1 Rb4 42. Ke4 Rb2 43. Kf3 Rb3+ 44. e3 Rb4 45. Ke4 Ke7
46. Kd4 Ke6 47. Ra1 Rb3 48. Ra6+ Kf5 49. Ra5+ Kg6 50. Rc5 Rd3+ 51. Ke4 Rd1 52.
Kf4 Rf1+ 53. Kg4 Rc1 54. h4 c3 55. h5+ Kh6 56. Kf4 c2 57. Ke4 f5+ 58. Kd3 Rh1
59. Kxc2 Rxh5 60. Kd3 g6 61. Ke2 Rh3 62. Kf2 Kg7 63. Rc6 Rh4 64. Kf3 Kh6 65.
Kg3 Kh5 1/2-1/2

[Event "Esbjerg Efterår 2019"]
[Site "Esbjerg"]
[Date "2019.10.19"]
[Round "4.7"]
[White "Pedersen, Lars Wilton"]
[Black "Desevac, Damir"]
[Result "1-0"]
[WhiteElo "2055"]
[BlackElo "1902"]
[PlyCount "54"]
[EventDate "2019.10.??"]
[EventType "swiss"]
[EventRounds "7"]
[EventCountry "DEN"]

1. d4 Nf6 2. Nf3 e6 3. g3 b6 4. Bg2 Bb7 5. O-O Be7 6. c4 O-O 7. Nc3 d6 8. Qc2
Nbd7 9. e4 e5 10. Re1 a5 11. b3 exd4 12. Nxd4 Ne8 13. Bb2 Nc5 14. Rad1 g6 15.
a3 Qc8 16. b4 Ne6 17. Nd5 Bxd5 18. cxd5 Nxd4 19. Bxd4 Bf6 20. Bxf6 Nxf6 21. Rc1
axb4 22. axb4 Ne8 23. e5 Qf5 24. Qxf5 gxf5 25. e6 fxe6 26. dxe6 Ra4 27. e7 Ra7
1-0

[Event "Esbjerg Efterår 2019"]
[Site "Esbjerg"]
[Date "2019.10.19"]
[Round "4.8"]
[White "Jakobsen, Christian K"]
[Black "Sorensen, Per Smidt"]
[Result "0-1"]
[WhiteElo "2016"]
[BlackElo "2086"]
[PlyCount "88"]
[EventDate "2019.10.??"]
[EventType "swiss"]
[EventRounds "7"]
[EventCountry "DEN"]

1. e4 c5 2. c3 d5 3. exd5 Qxd5 4. d4 Nc6 5. Nf3 cxd4 6. cxd4 Bg4 7. Be2 e6 8.
Nc3 Bb4 9. O-O Qa5 10. Bd2 Nge7 11. a3 Bxc3 12. bxc3 Qc7 13. h3 Bh5 14. Ne1
Bxe2 15. Qxe2 O-O 16. Nd3 Na5 17. Ne5 Rac8 18. Rab1 b6 19. Rfc1 Nc4 20. Nxc4
Qxc4 21. Qxc4 Rxc4 22. Rb4 Rfc8 23. Kf1 Nd5 24. Rxc4 Rxc4 25. Ke2 b5 26. Kd3
Kf8 27. g3 Ke7 28. Rb1 a6 29. Rb3 Kd6 30. f4 f5 31. g4 Nb6 32. Rb1 Ra4 33. Rb3
Nc4 34. Bc1 Kd5 35. g5 h5 36. h4 g6 37. Rb4 Nb6 38. Rxa4 Nxa4 39. Bd2 Nb2+ 40.
Kc2 Nc4 41. Bc1 Ke4 42. Kb3 Kd3 43. a4 bxa4+ 44. Kb4 a3 0-1

[Event "Esbjerg Efterår 2019"]
[Site "Esbjerg"]
[Date "2019.10.19"]
[Round "4.9"]
[White "Fries Nielsen, Jens Ove"]
[Black "Horslund, Mikael"]
[Result "1-0"]
[WhiteElo "2360"]
[BlackElo "1738"]
[PlyCount "46"]
[EventDate "2019.10.??"]
[EventType "swiss"]
[EventRounds "7"]
[EventCountry "DEN"]

1. d4 d6 2. e4 Nf6 3. Nc3 c6 4. a4 Qa5 5. Bd2 Qc7 6. h3 e5 7. Nf3 Be7 8. Be3
Nbd7 9. Be2 O-O 10. O-O a5 11. Re1 b6 12. Qb1 Ba6 13. Bxa6 Rxa6 14. Qa2 Raa8
15. Rad1 h6 16. Nh4 d5 17. exd5 Nxd5 18. Nxd5 cxd5 19. Nf3 Bf6 20. Qxd5 Rad8
21. Qe4 exd4 22. Bxd4 Bxd4 23. Rxd4 Nf6 1-0

[Event "Esbjerg Efterår 2019"]
[Site "Esbjerg"]
[Date "2019.10.19"]
[Round "4.10"]
[White "Rossen, Claus"]
[Black "Munksgaard, Dennis"]
[Result "1-0"]
[WhiteElo "2144"]
[BlackElo "2004"]
[PlyCount "77"]
[EventDate "2019.10.??"]
[EventType "swiss"]
[EventRounds "7"]
[EventCountry "DEN"]

1. e4 e5 2. Nf3 Nc6 3. d4 exd4 4. Nxd4 Nf6 5. Nxc6 bxc6 6. e5 Qe7 7. Qe2 Nd5 8.
c4 Ba6 9. b3 Nb6 10. Bb2 d5 11. exd6 Qxe2+ 12. Bxe2 cxd6 13. O-O O-O-O 14. Rd1
h5 15. Bf3 Bb7 16. a4 Nd7 17. Be4 Nf6 18. Bxf6 gxf6 19. Nc3 Kc7 20. Rd3 Bc8 21.
h3 f5 22. Bf3 Bg7 23. Re1 Bf6 24. Ne2 Be5 25. Nd4 Bd7 26. c5 Rh6 27. cxd6+ Bxd6
28. Rc1 c5 29. b4 Bxa4 30. Nxf5 Rf6 31. Nxd6 Rdxd6 32. Rxc5+ Kb6 33. Rxd6+ Rxd6
34. Bxh5 Rd4 35. Bxf7 Rxb4 36. Rc1 Bc6 37. g4 a5 38. g5 Rb5 39. Rxc6+ 1-0

[Event "Esbjerg Efterår 2019"]
[Site "Esbjerg"]
[Date "2019.10.19"]
[Round "4.11"]
[White "Bonnelykke, Ole"]
[Black "Lindgaard, Tobias Simon"]
[Result "1-0"]
[WhiteElo "2042"]
[BlackElo "1789"]
[PlyCount "53"]
[EventDate "2019.10.??"]
[EventType "swiss"]
[EventRounds "7"]
[EventCountry "DEN"]

1. e4 Nc6 2. Nc3 d6 3. g3 g6 4. Bg2 Bg7 5. d3 Nf6 6. h3 Bd7 7. Be3 e5 8. Qd2
Ne7 9. Nge2 c6 10. f4 Qc7 11. O-O-O b5 12. d4 b4 13. Nb1 Rb8 14. Rhf1 h5 15.
dxe5 dxe5 16. Bc5 Rb5 17. Bd6 Qa5 18. fxe5 Rxe5 19. Bxe5 Qxe5 20. Rxf6 Bxf6 21.
Qxd7+ Kf8 22. c3 Kg7 23. Qd6 Qb5 24. Nd4 Qg5+ 25. Qf4 Qc5 26. Nb3 Qb5 27. Bf1
1-0

[Event "Esbjerg Efterår 2019"]
[Site "Esbjerg"]
[Date "2019.10.19"]
[Round "4.12"]
[White "Sorensen, Carsten Klint"]
[Black "Ehrenreich, Simon"]
[Result "0-1"]
[WhiteElo "1755"]
[BlackElo "1937"]
[PlyCount "76"]
[EventDate "2019.10.??"]
[EventType "swiss"]
[EventRounds "7"]
[EventCountry "DEN"]

1. d4 g6 2. e4 Bg7 3. Nc3 d6 4. Bf4 a6 5. Qd2 b5 6. Nf3 Bb7 7. Bd3 Nd7 8. a4 b4
9. Ne2 c5 10. c3 a5 11. Ng3 Qb6 12. Bb5 Bc6 13. Bxc6 Qxc6 14. d5 Qb7 15. O-O
Nb6 16. Rae1 Nf6 17. cxb4 axb4 18. b3 Nfd7 19. Rd1 Bc3 20. Qd3 c4 21. bxc4 Nc5
22. Qe2 Nbxa4 23. e5 dxe5 24. Bc1 e4 25. Ng5 f5 26. f3 Be5 27. Be3 Nc3 28. Qf2
Nd3 29. Rxd3 exd3 30. f4 Ra2 31. Qf3 Bf6 32. Ne6 d2 33. Nxf5 d1=Q 34. Rxd1 Nxd1
35. Bc1 b3 36. Qxd1 b2 37. Bxb2 Qxb2 38. Ne3 Ra1 0-1

[Event "Esbjerg Efterår 2019"]
[Site "Esbjerg"]
[Date "2019.10.19"]
[Round "5.12"]
[White "Larsen, Johnny"]
[Black "Heinemann, Guido"]
[Result "0-1"]
[WhiteElo "1761"]
[BlackElo "1858"]
[PlyCount "99"]
[EventDate "2019.10.??"]
[EventType "swiss"]
[EventRounds "7"]
[EventCountry "DEN"]

1. f4 e5 2. fxe5 d6 3. exd6 Nf6 4. Nf3 Bxd6 5. d4 Bg4 6. Qd3 O-O 7. Bg5 Nbd7 8.
Nbd2 c5 9. O-O-O cxd4 10. Ne4 Be7 11. Qxd4 Qa5 12. Kb1 Rfd8 13. Bd2 Qb6 14. e3
Qxd4 15. exd4 Nxe4 16. Be3 Ndf6 17. Bd3 Rac8 18. h3 Be6 19. g4 Nd6 20. Rhg1 Bc4
21. Bf5 Be2 22. Bxc8 Bxd1 23. Rxd1 Rxc8 24. d5 a6 25. g5 Nfe4 26. h4 Nc4 27.
Bc1 Bc5 28. Rd3 Rd8 29. a3 Nf2 30. Rc3 b5 31. Ka2 Rxd5 32. b3 Nd1 33. Rd3 Rxd3
34. cxd3 Nc3+ 35. Ka1 Nxa3 36. d4 Nc2+ 37. Kb2 Nxd4 38. Nxd4 Bxd4 39. Kc2 b4
40. Bf4 g6 41. Bd6 Nd5 42. Bg3 f5 43. gxf6 Bxf6 44. Kd3 Kf7 45. Kc4 Ke6 46. Be1
Be7 47. Bf2 h5 48. Be1 Ne3+ 49. Kd3 Ng2 50. Kd4 0-1